00369 a2200109 4500082001500000110004500015245004500060260004000105300002700145650004200172710004500214 a708bM968c aCentro de Artes Visuales/Museo del Barro aCentro de Artes Visuales/Museo del Barro aParaguaybImprenta Arte Nuevoc1998 a40 pbill (col)c30 cm aarte popularxarte-catalogozParaguay aCentro de Artes Visuales/Museo del Barro